000 00746nam a22001937a 4500
999 _c2156
_d2156
005 20251125232742.0
008 s2528 th tha d
040 _aNALT
041 _atha
050 _aDS570.4
_bก1ส63
245 1 0 _aเฉลิมพระเกียรติพระราชวงศ์ฝ่ายใน เล่ม 2
260 3 _aกรุงเทพฯ :
_bเรืองแสงการพิมพ์,
_c2528
300 _a126 หน้า :
_bภาพประกอบ
650 0 4 _aราชวงศ์จักรี
650 0 4 _aราชสำนักและข้าราชสำนัก
850 _aNALT
856 4 0 _uhttps://hdl.handle.net/20.500.14156/443743
_71
942 _cGB
_2lcc